The measurement of engineering services in buildings (Record no. 98963)

MARC details
000 -LEADER
fixed length control field 00554cam a2200205 4500
001 - CONTROL NUMBER
control field D1257
008 - FIXED-LENGTH DATA ELEMENTS--GENERAL INFORMATION
fixed length control field 090401t1974 xxu||||| |||| 00| 0 eng d
035 ## - SYSTEM CONTROL NUMBER
System control number (Sirsi) u97607
041 ## - LANGUAGE CODE
Language code of text/sound track or separate title eng
050 ## - LIBRARY OF CONGRESS CALL NUMBER
Classification number 692.3
100 ## - MAIN ENTRY--PERSONAL NAME
Personal name Barnes, N.M.L.
245 #4 - TITLE STATEMENT
Title The measurement of engineering services in buildings
260 ## - PUBLICATION, DISTRIBUTION, ETC.
Place of publication, distribution, etc. London
Name of publisher, distributor, etc. Standard Method of Measurement Developme
Date of publication, distribution, etc. 1974
350 ## - PRICE (NR) (BK AM CF MU VM SE) [OBSOLETE]
Price 0
520 ## - SUMMARY, ETC.
Summary, etc. Filed at SMMDU/3
650 ## - SUBJECT ADDED ENTRY--TOPICAL TERM
Topical term or geographic name entry element ENGINEERING SERVICES
650 ## - SUBJECT ADDED ENTRY--TOPICAL TERM
Topical term or geographic name entry element MECHANICAL AND ELECTRICAL SERVICES
942 ## - ADDED ENTRY ELEMENTS (KOHA)
Suppress in OPAC 0
948 ## - LOCAL PROCESSING INFORMATION (OCLC); SERIES PART DESIGNATOR (RLIN)
c (OCLC) 04/03/1997
Holdings
Withdrawn status Lost status Source of classification or shelving scheme Damaged status Not for loan Home library Current library Shelving location Date acquired Total Checkouts Full call number Barcode Date last seen Date last checked out Copy number Price effective from Koha item type
    Other/Generic Classification Scheme     London London Gallery 27/09/2000 1 SMMDU/3 30062129 06/08/2019 30/01/2002 1 06/08/2019 Book